00528nam a2200157 i 450000100060000000300090000600500170001500700030003200800410003510000140007624501210009026000490021130000280026065000370028885200450032548627ES-MaACL20230906161803.0t|950725s1875 fr |||| | fre d1 aDiard, H.10aEtudes sur le système pénitentiaire et sur son application au régime des prisons de France / cpar H. Diard... aTours : b[s.n.], c1875 (fImp. Ladevèze) aVIII, 168 p. ; c22 cm. aDerecho penitenciario-zFrancia. aES-MaACLjD-203(1) z.- Donativo Lastres